| 000 | 00988cam a2200277 4500 | ||
|---|---|---|---|
| 001 | WB3617-32 | ||
| 008 | 000000n2000 000 0 eng u | ||
| 035 | _a(Sirsi) u105804 | ||
| 245 | _aInternational RICS Awards | ||
| 260 | _c2000 | ||
| 490 |
_aRICS Press Release _vMay 2000 |
||
| 490 |
_aRICS Press Release _v(pr046) 2 May 2000 |
||
| 490 |
_aRICS Scotland News Release _v26 April 2000 (7) |
||
| 520 | _aA selection of building projects, including the London Eye and Tate Modern in London, as well as the Bodleian Old Library in Oxford, and Beaton's Cottage on the Isle of Skye, are competing in this year's RICS Awards. The winners will be announced in the Autumn. | ||
| 590 | _aWB | ||
| 650 | _aABOUT RICS-RICS AWARDS | ||
| 650 | _aCONSTRUCTION PROJECTS | ||
| 650 | _aBUILDING CONSERVATION | ||
| 650 | _aBODLEIAN LIBRARY | ||
| 650 | _aLONDON EYE | ||
| 650 | _aTATE MODERN | ||
| 650 | _aMILLENNIUM DOME | ||
| 650 | _aSCOTLAND | ||
| 690 | _aRICS NEWS | ||
| 942 | _n0 | ||
| 999 |
_c63354 _d63354 |
||